Critical studies in politics : (Record no. 82827)

MARC details
000 -LEADER
fixed length control field 00720nam a22002177a 4500
005 - DATE AND TIME OF LATEST TRANSACTION
control field 20140425142850.0
010 ## - LCCN (DPL NO)
LC control number ENG-109497
020 ## - INTERNATIONAL STANDARD BOOK NUMBER
Terms of availability 995.00
International Standard Book Number 9788125052708
035 ## - SYSTEM CONTROL NUMBER
System control number EN-93030
037 ## - SOURCE OF ACQUISITION
Source of stock number/acquisition DBAD/PUB
082 ## - DEWEY DECIMAL CLASSIFICATION NUMBER
Classification number 320.071054
245 00 - TITLE STATEMENT
Title Critical studies in politics :
Statement of responsibility, etc edited by Nivedita Menon, Aditya Nigam [and] Sanjay Palshikar
Remainder of title exploring sites, selves, power /
260 ## - PUBLICATION, DISTRIBUTION, ETC. (IMPRINT)
Place of publication, distribution, etc New Delhi
Name of publisher, distributor, etc Orient Blakswan
Date of publication, distribution, etc 2014
270 ## - ADDRESS
Address 1/24 Asaf Ali Road
City New Delhi
Postal code 110002
300 ## - PHYSICAL DESCRIPTION
Extent vi,553p.
Dimensions 24cm(Hb)
500 ## - GENERAL NOTE
General note Includes bibliographical references
700 ## - ADDED ENTRY--PERSONAL NAME
Personal name Menon, Nivedita
700 ## - ADDED ENTRY--PERSONAL NAME
Personal name Nigam, Aditya
700 ## - ADDED ENTRY--PERSONAL NAME
Personal name Palshikar, Sanjay
942 ## - ADDED ENTRY ELEMENTS (KOHA)
Source of classification or shelving scheme Dewey Decimal Classification
Item type English Books
Call number suffix CRI
Classification part 320.071054
Holdings
Withdrawn status Lost status Not for loan Collection code Home library Current library Date acquired Source of acquisition Cost, normal purchase price Full call number Barcode Copy number Cost, replacement price Koha item type
    Not For Loan Non-fiction D.B.Act.Division D.B.Act.Division 28/02/2014 DBAD/PUB 995.00 320.071054 CRI EN-93030 1 995.00 English Books

© Delhi Public Library
Hit Counter
free hit counter